• 首页
  • 本馆介绍
  • 公告通知
  • 最新文献
  • 馆藏检索
  • 电子资源
  • 读者导购
  • 参考咨询
  • 我的图书馆
  • 登录
  • 详细信息显示
  • 放入我的书架
  • 预约/预借图书
  • 作者相关作品
  • 分类相关作品
  • 丛书相关作品
  • 出版社相关作品

书目信息

  • 表格格式
  • 工作单格式
  • 卡片格式
题名:
新闻摄影学概论
    
 
作者: 许必华 主编
分册:  
出版信息: 北京   新华出版社  1999.10
页数: 357页
开本: 19cm
丛书名:
单 册:
中图分类: J419
科图分类:
主题词: 摄影技术--普及读物 , 摄影艺术--各种
电子资源:
ISBN: 7-5011-4549-0
000 00678nam0 2200229 450
001 0751247581
005 20071215152744.41
010    @a7-5011-4549-0@dCNY25.00
100    @a20071202d1999 km y0chiy0120 ea
101 0  @achi
102    @aCN@b110000
200 1  @a新闻摄影学概论@Axin wen she ying xue gai lun@f许必华主编@Fxu bi hua zhu bian
210    @a北京@c新华出版社@d1999.10
215    @a357页@d19cm
300    @a全国高等教育自学考试新闻类参考书
606 0  @a摄影技术@x普及读物
606 0  @a摄影艺术@x各种
690    @aJ419@v4
701  0 @a许必华@Axu bi hua@4主编
801  0 @aCN@b大连网信软件有限公司图书馆@c20071215
905    @aBZT@dJ419@e2
906    @dCNY25.00@n0@r1
    
    新闻摄影学概论/许必华主编.-北京:新华出版社,1999.10
    357页;19cm
    全国高等教育自学考试新闻类参考书
    
    ISBN 7-5011-4549-0:CNY25.00
    
●
相关链接 在五车中查询图书 在当当中查询图书 在豆瓣中查询图书


正题名:新闻摄影学概论     索取号:J419/2         预约/预借

序号 登录号 条形码 馆藏地/架位号 状态 备注
1 637565   2000637565   中心书库中库/ 中库019架A面3列5层27/ [索取号:J419/2] 在馆    
2 637566   2000637566   中心书库中库/ 中库019架A面3列5层29/ [索取号:J419/2] 在馆    
3 637567   2000637567   中心书库中库/ 中库019架A面3列5层31/ [索取号:J419/2] 在馆    
4 637568   2000637568   中心书库中库/ 中库019架A面3列5层28/ [索取号:J419/2] 在馆    
5 637569   2000637569   中心书库中库/ 中库019架A面3列5层33/ [索取号:J419/2] 在馆    
6 637570   2000637570   中心书库中库/ 中库019架A面3列5层35/ [索取号:J419/2] 在馆    
7 637571   2000637571   中心书库中库/ 中库019架A面3列5层32/ [索取号:J419/2] 在馆    
8 637572   2000637572   中心书库中库/ 中库019架A面3列5层30/ [索取号:J419/2] 在馆    
9 637573   2000637573   中心书库中库/ 中库019架A面3列5层36/ [索取号:J419/2] 在馆    
10 637574   2000637574   中心书库中库/ 中库019架A面3列5层34/ [索取号:J419/2] 在馆    
山东省滨州职业学院图书馆 欢迎您!
大连网信软件有限公司© 版权所有